000 00499cam a2200181 a 4500
020 _a0314779191 (pbk.) :
040 _cDLC
082 0 0 _a519 WES 1986 A060 Or.
100 1 _aMakridakis, Spyros G.
245 1 0 _aISP, interactive statistical programs /
260 _aSt. Paul, MN. :
_bWest Pub. Co.,
_cc1986.
300 _aviii, 362 p. :
_bill. ;
_c25 cm.
500 _aIncludes index.
650 0 _aStatistics
650 0 _aMathematical statistics
700 1 _aWinkler, Robert L.
942 _cEK
999 _c14419
_d14419